Normal view
MARC view
Entry Personal Name
001 - CONTROL NUMBER
- control field: 167761
003 - CONTROL NUMBER IDENTIFIER
- control field: OSt
005 - DATE AND TIME OF LATEST TRANSACTION
- control field: 20220923224046.0
008 - FIXED-LENGTH DATA ELEMENTS
- fixed length control field: 220923|| aca||aabn | a|a d
040 ## - CATALOGING SOURCE
- Original cataloging agency: OSt
- Transcribing agency: OSt
100 ## - HEADING--PERSONAL NAME
- Personal name: तालिब, गुरबचन सिंह; नरेन्द्र मोहन, अनु
670 ## - SOURCE DATA FOUND
- Source citation: Work cat.: (OSt)368927: तालिब, गुरबचन सिंह; नरेन्द्र मोहन, अनु., गुरू नानक, 1989
